Core Java: (Record no. 212155)
[ view plain ]
| 000 -LEADER | |
|---|---|
| fixed length control field | 00766nam a22002297a 4500 |
| 005 - DATE AND TIME OF LATEST TRANSACTION | |
| control field | 20250707120556.0 |
| 010 ## - LCCN (DPL NO) | |
| LC control number | ENG-145704-705 |
| 020 ## - INTERNATIONAL STANDARD BOOK NUMBER | |
| International Standard Book Number | 9789367130735(Vol 1) |
| Terms of availability | 1160.00 |
| 020 ## - INTERNATIONAL STANDARD BOOK NUMBER | |
| International Standard Book Number | 9789367136652(Vol 2) |
| Terms of availability | 1270.00 |
| 035 ## - SYSTEM CONTROL NUMBER | |
| System control number | EN-129236-237 |
| 037 ## - SOURCE OF ACQUISITION | |
| Source of stock number/acquisition | DBAD |
| 082 ## - DEWEY DECIMAL CLASSIFICATION NUMBER | |
| Classification number | 005.133 |
| Edition number | 13 |
| 100 ## - MAIN ENTRY--PERSONAL NAME | |
| Personal name | Horstmann, Cat S. |
| 245 ## - TITLE STATEMENT | |
| Title | Core Java: |
| Remainder of title | (Fundamentals and Advanced Features)/ |
| Statement of responsibility, etc | Cat S. Horstmann |
| 250 ## - EDITION STATEMENT | |
| Edition statement | 13 |
| 260 ## - PUBLICATION, DISTRIBUTION, ETC. (IMPRINT) | |
| Place of publication, distribution, etc | Noida |
| Name of publisher, distributor, etc | Pearson India Education |
| Date of publication, distribution, etc | 2025 |
| 270 ## - ADDRESS | |
| Address | 15th Floor, Towe-B, World Trade Tower, Plot No.1, Block-C, Sector-16 |
| City | Noida |
| Postal code | 201301 |
| 300 ## - PHYSICAL DESCRIPTION | |
| Extent | 663p.,866p. |
| Dimensions | 28cm(pbk) |
| 490 ## - SERIES STATEMENT | |
| Volume number/sequential designation | 1,2 |
| 500 ## - GENERAL NOTE | |
| General note | Vol 1-Fundamentals<br/>Vol 2-Advanced Features |
| 942 ## - ADDED ENTRY ELEMENTS (KOHA) | |
| Source of classification or shelving scheme | Dewey Decimal Classification |
| Item type | English Books |
| Classification part | 005133 |
| Call number suffix | HOR |
| Withdrawn status | Lost status | Materials specified (bound volume or other part) | Not for loan | Collection code | Home library | Current library | Date acquired | Source of acquisition | Cost, normal purchase price | Full call number | Barcode | Copy number | Cost, replacement price | Koha item type |
|---|---|---|---|---|---|---|---|---|---|---|---|---|---|---|
| VOL-2 | Non-fiction | Central Library | Central Library | 07/07/2025 | Delivery of Books Act Division | 1270.00 | 005.133 HOR | EN-129236 | 1 | 1270.00 | English Books | |||
| VOL-1 | Non-fiction | Central Library | Central Library | 07/07/2025 | Delivery of Books Act Division | 1160.00 | 005.133 HOR | EN-129237 | 1 | 1160.00 | English Books |
